Online katalóg knižníc regiónu Turca

Čačky hračky (Record no. 21610)

MARC details
000 -LEADER
fixed length control field 01866cam a2200457 a 4500
001 - CONTROL NUMBER
control field 21610
003 - CONTROL NUMBER IDENTIFIER
control field VRT
005 - DATE AND TIME OF LATEST TRANSACTION
control field 20260306140835.0
008 - FIXED-LENGTH DATA ELEMENTS--GENERAL INFORMATION
fixed length control field 240313s2017 xo a b 000 p slo
015 ## - NATIONAL BIBLIOGRAPHY NUMBER
National bibliography number SNBA2018/05
020 ## - INTERNATIONAL STANDARD BOOK NUMBER
International Standard Book Number 9788081240928
Qualifying information (viaz.)
035 ## - SYSTEM CONTROL NUMBER
System control number AC39B384-B6A8-46FD-ABB4-B2455F4B81F6
035 ## - SYSTEM CONTROL NUMBER
System control number urn:nbn:sk:snk-am3iaqc
035 ## - SYSTEM CONTROL NUMBER
System control number urn:nbn:sk:snk-am00d2nk
039 #9 - LEVEL OF BIBLIOGRAPHIC CONTROL AND CODING DETAIL [OBSOLETE]
Level of rules in bibliographic description 202409100734
Level of effort used to assign nonsubject heading access points AUTHORITY
Level of effort used to assign subject headings 202409100732
Level of effort used to assign classification AUTHORITY
Level of effort used to assign subject headings 202409100720
Level of effort used to assign classification AUTHORITY
Level of effort used to assign subject headings 202409100646
Level of effort used to assign classification AUTHORITY
040 ## - CATALOGING SOURCE
Original cataloging agency HEVK
Language of cataloging slo
Transcribing agency HEVK
Modifying agency SNK
Description conventions AACR2
041 0# - LANGUAGE CODE
Language code of text/sound track or separate title slo
044 ## - COUNTRY OF PUBLISHING/PRODUCING ENTITY CODE
MARC country code xo
ISO country code SK
072 #7 - SUBJECT CATEGORY CODE
Subject category code 821.162.4-1
Subject category code subdivision Slovenská poézia
Source konspekt
072 #7 - SUBJECT CATEGORY CODE
Subject category code 821-93
Subject category code subdivision Literatúra pre deti a mládež (beletria)
Source konspekt
080 ## - UNIVERSAL DECIMAL CLASSIFICATION NUMBER
Universal Decimal Classification number 821.162.4-1
Edition identifier 2011
080 ## - UNIVERSAL DECIMAL CLASSIFICATION NUMBER
Universal Decimal Classification number 82-93-053.2
Edition identifier 2011
100 1# - MAIN ENTRY--PERSONAL NAME
Personal name Bendová, Krista,
Dates associated with a name 1923-1988
Relationship aut
245 10 - TITLE STATEMENT
Title Čačky hračky
Statement of responsibility, etc. Krista Bendová ; [ilustrácie] Oľga Bajusová
260 ## - PUBLICATION, DISTRIBUTION, ETC.
Place of publication, distribution, etc. Bratislava
Name of publisher, distributor, etc. Buvik
Date of publication, distribution, etc. 2017
300 ## - PHYSICAL DESCRIPTION
Extent 87 s.
Other physical details fareb. ilustr.
Dimensions 18 cm
655 #7 - INDEX TERM--GENRE/FORM
Genre/form data or focus term slovenská poézia
Source of term SNKPH
655 #7 - INDEX TERM--GENRE/FORM
Genre/form data or focus term publikácie pre deti
Source of term SNKPH
655 #7 - INDEX TERM--GENRE/FORM
Genre/form data or focus term Slovak poetry
Source of term SNKPHeng
655 #7 - INDEX TERM--GENRE/FORM
Genre/form data or focus term Children's literature
Source of term SNKPHeng
700 1# - ADDED ENTRY--PERSONAL NAME
Personal name Bajusová, Oľga,
Dates associated with a name 1954-2012
Relationship ill
910 ## - USER-OPTION DATA (OCLC)
User-option data hevk
910 ## - USER-OPTION DATA (OCLC)
User-option data snk
942 ## - ADDED ENTRY ELEMENTS (KOHA)
Source of classification or shelving scheme Dewey Decimal Classification
Koha item type Krásna literatúra pre deti
Suppress in OPAC No
949 ## - LOCAL PROCESSING INFORMATION (OCLC)
6 3830001142216
a kurukT18/BEND1-11
b kuruk2021/F656
o G2020/Adriana Čutková - Kníhkupectvo/20VF00014/Fond na podporu umenia na rok 2020, projekt č. 20-514-04042 s názvom: „Nákup knižničného fondu – priama podpora vedy a vzdelávania
949 ## - LOCAL PROCESSING INFORMATION (OCLC)
6 273K0628514
a svkpoA 238472
b svkpo625303
949 ## - LOCAL PROCESSING INFORMATION (OCLC)
6 17A1323057
a snkSD 87133
b snk2018/7301
o 255/18
s 6100:20180517
949 ## - LOCAL PROCESSING INFORMATION (OCLC)
6 17A1323058
a snkSD 87133 D1
b snk2018/7303
o 255/18
949 ## - LOCAL PROCESSING INFORMATION (OCLC)
6 270001000586047
a svkbbA 153123
b svkbbm 773888
Holdings
Stav vyradenia Strata Poškodenie Spôsob nadobudnutia Domovská knižnica Aktuálna knižnica Dátum nadobudnutia Total checkouts Čiarový kód exemplára Date last seen Typ exemplára
      Dar Obecná knižnica Horná Štubňa Obecná knižnica Horná Štubňa 06.03.2026   9788081240928 06.03.2026 Krásna literatúra pre deti
Projekt je podporený Slovenskou asociáciou knižníc
Prevádzkuje Turčianska knižnica Martin 2026